02899nam a2200421 i 4500003000900000005001700009007000300026008004100029020001800070040003000088082001400118245015400132264003800286300007900324336002700403337003300430338002800463490002500491500005800516505109000574590002701664650009601691650008201787651005401869700003501923700002901958700002501987700002802012700003802040710006302078710004902141710004502190710005402235910001102289942001402300952014602314999001702460DO-SdBNP20250131160213.0ta221128e2010 dr db|gr|||| 001 e spa d a9789945860436 aDO-SdBNPbspacBNPHUerda 4222bF935d13aLa frontera dominico- haitiana. /cHaroldo Dilla Alfonso,... [et. al.]; Editor, Clarissa Carmona ; Traducciones, Martín Rapilly y Diana Contreras;  aSanto Domingo :bManatí,c2010. a355 páginas:bilustraciones, fotografías, gráficos y mapas ;c23 cm. 2rdacontentatextobtxt 2rdamediaasin mediaciónbn 2rdacarrieravolumenbnc aCiudades y Fronteras aIncluye bibliografía y notas al pié de páginas. aPalabras preliminares /rDaniel J. O´neil.--tIntroducción: una mirada a la(s) fronteras(s).--rHaroldo Dilla Alfonso.--t01 Notas para la historia de la frontera dominico- haitiana. /rHaroldo Dilla Alfonso. / Clarissa Carmona.--t02 Los corredores transfronterizos desde la perspectiva ambiental: una oportunidad para el desarrollo. /rNéstor Sánchez.--t03 La nueva economía fronteriza. /rHaroldo Dilla Alfonso.--t04 Diagnóstico de los agroecositemas de la cuenca transfronteriza del río Pedernales. /rStervins Alexis.--t05 Los cambios sociales y demográficos en la frontera. /rHaroldo Dilla Alfonso.--t06 La nueva geografía de la frontera: corredores, regiones económicas y complejos urbanos transfronterizos. /rHaroldo Dilla Alfonso.--t07 Legalidad e institucionalidad de la frontera. /rHaroldo Dilla Alfonso.--t08 Lenguaje y raza en la frontera dominco- haitiana: apuntes antropológicos. /rGerald Murray.--t09 ¿Cómo son percibidos los haitianos en frontera?: el caso de Dajabón. /rSobeida de Jesús Cedano.--tAnexos.--tSobre los Autores. aInventariado 2022 / MF 495195aPolítica de fronterasxEnsayos, conferencias, etc.zRepública Dominicana- Haití 495196aLímitesxEnsayos, conferencias, etc.zRepública Dominicana- Haití 4946033aRepública DominicanaxFronteraszHaití1 aDilla Alsonso, Haraldo 9828841 aStervin, Alexis 9828851 aAntoine, Max 9828861 95201aCarmona, Clarissa1 aCedano, Sobeida de Jesús9652182 aFundación Panamericana para el Desarrollo (PADF).9828872 aFondo Mundial de Inversiones (FORMIN)9828882 aBanco Interamericano de Desarrollo996552 aOrganización de los Estados Americanos 917918 aMFeliz 2ddccLBS1 00102ddc51708PDaBNPHUbBNPHUcCTd2022-05-19eDonaciónoBNPHU PD F935dp2022-5777r2022-11-28w2022-11-28yLBS1zDonado por Ubi Rivas. c53013d53013